[Event "TUR Cup"]
[Site "Denizli"]
[Date "2023.07.22"]
[Round "9"]
[White "Ozgun, Yigit Deniz"]
[Black "Turgut, Hakan"]
[Result "1/2-1/2"]
[WhiteElo "1716"]
[BlackElo "1919"]
[PlyCount "113"]
[EventDate "2023.07.16"]
[EventType "team-tourn"]
[EventRounds "9"]
[EventCountry "TUR"]
[SourceTitle "CBM 215 Extra"]
[Source "ChessBase"]
[SourceDate "2023.09.30"]
[SourceVersion "1"]
[SourceVersionDate "2023.09.30"]
[SourceQuality "1"]

1. e4 e5 2. Nf3 Nc6 3. Bb5 a6 4. Ba4 Nf6 5. 0-0 Be7 6. Re1 b5 7. Bb3 0-0 8. c3 d6 9. h3 Na5 10. Bc2 c5 11. d4 Qc7 12. d5 c4 13. Nbd2 Nb7 14. Nf1 Nc5 15. Ng3 Bd7 16. b4 cxb3 17. axb3 a5 18. Nd2 Qb7 19. Qe2 g6 20. Bb2 Ne8 21. Ra2 Ng7 22. Rea1 a4 23. Ba3 axb3 24. Nxb3 Na4 25. Bb4 Qc7 26. Qd2 Nb6 27. Rxa8 Rxa8 28. Rxa8+ Nxa8 29. Bd3 Nb6 30. Qe2 Na4 31. Bxb5 Nxc3 32. Bxc3 Bxb5 33. Qxb5 Qxc3 34. Nf1 Nh5 35. Nbd2 Nf4 36. Qc4 Qa1 37. g3 Nxh3+ 38. Kg2 Ng5 39. f4 exf4 40. gxf4 Qd1 41. fxg5 Qg4+ 42. Kf2 Bxg5 43. Nf3 Bf4 44. Qa4 g5 45. Qe8+ Kg7 46. e5 dxe5 47. d6 e4 48. Qxe4 Qd7 49. Nd4 Bxd6 50. Nf5+ Kf6 51. Nxd6 Qxd6 52. Qxh7 Qf4+ 53. Kg2 Qf5 54. Qh8+ Kg6 55. Ng3 Qd5+ 56. Kf2 Qc5+ 57. Kg2 1/2-1/2

[Event "TUR Cup"]
[Site "Denizli"]
[Date "2023.07.16"]
[Round "1"]
[White "Sakarya, Huseyin Arda"]
[Black "Turgut, Hakan"]
[Result "0-1"]
[WhiteElo "1318"]
[BlackElo "1919"]
[PlyCount "74"]
[EventDate "2023.07.16"]
[EventType "team-tourn"]
[EventRounds "9"]
[EventCountry "TUR"]
[SourceTitle "CBM 215 Extra"]
[Source "ChessBase"]
[SourceDate "2023.09.30"]
[SourceVersion "1"]
[SourceVersionDate "2023.09.30"]
[SourceQuality "1"]

1. d4 Nf6 2. c4 e6 3. Nf3 b6 4. g3 Ba6 5. b3 Bb4+ 6. Bd2 Be7 7. Bg2 0-0 8. 0-0 c6 9. Bf4 d5 10. Qc2 Nbd7 11. Rd1 Rc8 12. Nc3 dxc4 13. e4 Bb4 14. Nd2 b5 15. bxc4 bxc4 16. a3 Ba5 17. Rab1 Nb6 18. Nf1 Qe7 19. Na4 Nfd7 20. Nc5 Bb5 21. Nb7 Ba4 22. Qa2 e5 23. dxe5 Bxd1 24. Rxd1 Bc3 25. e6 Qxe6 26. Ne3 Be5 27. Bxe5 Nxe5 28. Nf5 Nd3 29. Bh3 Qxe4 30. Qa1 f6 31. Nbd6 Qf3 32. Ne7+ Kh8 33. Nexc8 Nxc8 34. Nxc8 Nxf2 35. Be6 Nxd1 36. Nd6 Qf2+ 37. Kh1 Qf1# 0-1

[Event "Mersin op 6th"]
[Site "Mersin"]
[Date "2022.09.09"]
[Round "8"]
[White "Oliinyk, Serafim"]
[Black "Turgut, Hakan"]
[Result "1-0"]
[WhiteElo "2006"]
[BlackElo "1993"]
[PlyCount "33"]
[EventDate "2022.09.04"]
[EventType "swiss"]
[EventRounds "9"]
[EventCountry "TUR"]
[SourceTitle "CBM 210 Extra"]
[Source "ChessBase"]
[SourceDate "2022.11.30"]
[SourceVersion "1"]
[SourceVersionDate "2022.11.30"]
[SourceQuality "1"]

1. e4 c6 2. d4 d5 3. exd5 cxd5 4. Bd3 Nc6 5. c3 Nf6 6. Bf4 g6 7. Nf3 Bf5 8. Be2 Bg7 9. 0-0 0-0 10. Na3 Nd7 11. Nc2 e5 12. dxe5 Ndxe5 13. Nxe5 Nxe5 14. Nd4 Be6 15. Rc1 Nc6 16. Be3 Qd7 17. Qd2 1-0

[Event "Mersin op 6th"]
[Site "Mersin"]
[Date "2022.09.06"]
[Round "4"]
[White "Turgut, Hakan"]
[Black "Deveci, Huseyin Said"]
[Result "0-1"]
[WhiteElo "1993"]
[BlackElo "2112"]
[PlyCount "64"]
[EventDate "2022.09.04"]
[EventType "swiss"]
[EventRounds "9"]
[EventCountry "TUR"]
[SourceTitle "CBM 210 Extra"]
[Source "ChessBase"]
[SourceDate "2022.11.30"]
[SourceVersion "1"]
[SourceVersionDate "2022.11.30"]
[SourceQuality "1"]

1. e4 e5 2. Nf3 Nc6 3. Bb5 a6 4. Ba4 Nf6 5. 0-0 Be7 6. Re1 b5 7. Bb3 0-0 8. c3 d6 9. h3 Na5 10. Bc2 c5 11. d4 cxd4 12. cxd4 Nc6 13. Nc3 Bd7 14. Bg5 h6 15. Bh4 Re8 16. a3 Rc8 17. Bg3 Bf8 18. Rc1 Qb6 19. dxe5 Nxe5 20. Nxe5 dxe5 21. Bb3 Bc5 22. Nd5 Nxd5 23. Bxd5 Bd4 24. Qb3 Qg6 25. Kh1 a5 26. Bb7 Rcd8 27. Bh4 a4 28. Qd5 Bxh3 29. gxh3 Rxd5 30. Bxd5 Qh5 31. Bg3 Qxh3+ 32. Bh2 Qf3+ 0-1